| Tag |
First Indicator |
Second Indicator |
Subfields |
| LEADER |
00000cam a2200000 a 4500 |
| 001 |
in00000944821 |
| 005 |
20150925154607.0 |
| 007 |
hd afv|||baca |
| 008 |
850522s1653 miu a 00000 eng d |
| 035 |
|
|
|a (OCoLC)12067671
|
| 035 |
|
|
|9 AES8551AM
|
| 037 |
|
|
|a CL0037000002
|b UMI
|
| 037 |
|
|
|b University Microfilms International, 300 N. Zeeb Rd., Ann Arbor, MI 48106
|
| 040 |
|
|
|a EAA
|c EAA
|d m/c
|d UtOrBLW
|
| 043 |
|
|
|a e-uk-en
|
| 045 |
2 |
|
|b d1642
|b d1660
|
| 049 |
|
|
|a TXAI
|
| 099 |
|
|
|a film
|a B
|a 3609
|
| 245 |
0 |
4 |
|a The Army no usurpers, or, The late Parliament not almighty and everlasting :
|b shewing that the present army in their former opposing and late dissolving of the Parliament have done nothing contrary to law, but according to equity, and that the late Parliaments claim of power to do what they please, until they should be dissolved by their own consent, is long since made void by their own act.
|
| 264 |
|
3 |
|a London :
|b Printed for Giles Calvert ...,
|c 1653.
|
| 300 |
|
|
|a 4 unnumbered pages, 11 pages
|
| 336 |
|
|
|a text
|b txt
|2 rdacontent
|
| 337 |
|
|
|a microform
|b h
|2 rdamedia
|
| 338 |
|
|
|a microfilm reel
|b hd
|2 rdacarrier
|
| 500 |
|
|
|a Reproduction of original in Thomason Collection, British Library.
|
| 510 |
4 |
|
|a Wing
|c A3712
|
| 533 |
|
|
|a Microfilm.
|b Ann Arbor, Mich. :
|c University Microfilms,
|d 1962.
|e 1 microfilm reel ; 35 mm.
|f (Early English books, 1641-1700 ; 49:18)
|
| 500 |
|
|
|a Microform.
|
| 610 |
1 |
0 |
|a England and Wales.
|b Army.
|
| 610 |
1 |
0 |
|a England and Wales.
|b Parliament.
|
| 651 |
|
0 |
|a Great Britain
|x Politics and government
|y 1642-1660.
|
| 740 |
0 |
|
|a Army no usurpers.
|
| 740 |
0 |
|
|a Late Parliament not almighty and everlasting.
|
| 830 |
|
0 |
|a Early English books, 1641-1700 ;
|v 49:18.
|
| 999 |
|
|
|a MARS
|
| 999 |
f |
f |
|s 2bec58b5-5a53-3415-837a-a577aa9a6c8b
|i 3e954653-f410-3703-8885-8c260d5dc8ec
|t 0
|
| 952 |
f |
f |
|p default
|a Texas A&M University
|b College Station
|c Sterling C. Evans Library
|d Evans: Microforms (3rd floor)
|t 0
|e film B 3609 49:18
|h Other scheme
|i microform -- microfilm reel
|
| 998 |
f |
f |
|a film B 3609 49:18
|t 0
|l Evans: Microforms (3rd floor)
|